[Event "WLS-chA 68th"]
[Site "Cardiff"]
[Date "2024.04.01"]
[Round "7"]
[White "Blackburn, Jonathan LB"]
[Black "Camacho Collados, Jose"]
[Result "1/2-1/2"]
[WhiteElo "2191"]
[BlackElo "2370"]
[PlyCount "94"]
[EventDate "2024.03.29"]
[EventType "swiss"]
[EventRounds "7"]
[EventCountry "WLS"]
[SourceTitle "CB14_2024"]
[SourceDate "2024.04.01"]
[SourceVersion "1"]
[SourceVersionDate "2024.04.01"]
[SourceQuality "1"]

1. d4 d5 2. c4 e6 3. Nc3 a6 4. cxd5 exd5 5. Nf3 c6 6. Bf4 Bd6 7. Bxd6 Qxd6 8. e4 dxe4 9. Nxe4 Qe7 10. Qe2 Nd7 11. Nd6+ Kf8 12. Qxe7+ Kxe7 13. Nf5+ Kf6 14. Bd3 Nc5 15. dxc5 Bxf5 16. 0-0-0 Be6 17. Nd2 g6 18. Bc4 Bd5 19. Rhe1 Kg7 20. Bxd5 cxd5 21. Nb3 Rd8 22. Re5 Nf6 23. Re7 Rb8 24. f3 Rhc8 25. Kb1 Kf8 26. Re3 Rc7 27. a3 h5 28. Rd4 Rbc8 29. g4 hxg4 30. fxg4 Ne4 31. Rxd5 Nxc5 32. Nxc5 Rxc5 33. Rd7 R8c7 34. Ree7 Rxd7 35. Rxd7 b5 36. Ra7 Rc6 37. g5 Kg7 38. h4 b4 39. axb4 Rb6 40. Kc2 Rxb4 41. Rxa6 Rxh4 42. Ra5 f5 43. Ra7+ Kf8 44. Ra8+ Ke7 45. Ra7+ Kf8 46. Ra8+ Ke7 47. Ra7+ Kf8 1/2-1/2

[Event "WLS-chA 68th"]
[Site "Cardiff"]
[Date "2024.03.30"]
[Round "4"]
[White "Camacho Collados, Jose"]
[Black "Binks, Michael"]
[Result "1-0"]
[WhiteElo "2370"]
[BlackElo "1984"]
[PlyCount "51"]
[EventDate "2024.03.29"]
[EventType "swiss"]
[EventRounds "7"]
[EventCountry "WLS"]
[SourceTitle "CB14_2024"]
[SourceDate "2024.04.01"]
[SourceVersion "1"]
[SourceVersionDate "2024.04.01"]
[SourceQuality "1"]

1. d4 d5 2. Nf3 Nf6 3. c3 e6 4. Bg5 h6 5. Bh4 c5 6. e3 Nbd7 7. Nbd2 Be7 8. Bd3 Qc7 9. 0-0 Bd6 10. Qe2 b6 11. e4 dxe4 12. Nxe4 Bb7 13. dxc5 Bxc5 14. Bg3 Qc8 15. Nxc5 Qxc5 16. Rad1 0-0-0 17. Ba6 Nb8 18. Bxb7+ Kxb7 19. Ne5 Qe7 20. Qf3+ Ka6 21. b4 Rd5 22. c4 Rxd1 23. b5+ Ka5 24. Rxd1 Qb4 25. Qb7 Qc3 26. Qxa7+ 1-0

[Event "WLS-chA 68th"]
[Site "Cardiff"]
[Date "2024.03.29"]
[Round "2"]
[White "Camacho Collados, Jose"]
[Black "Fowler, Hugo"]
[Result "1-0"]
[WhiteElo "2370"]
[BlackElo "1960"]
[PlyCount "61"]
[EventDate "2024.03.29"]
[EventType "swiss"]
[EventRounds "7"]
[EventCountry "WLS"]
[SourceTitle "CB14_2024"]
[SourceDate "2024.04.01"]
[SourceVersion "1"]
[SourceVersionDate "2024.04.01"]
[SourceQuality "1"]

1. Nf3 Nf6 2. d4 d5 3. c3 c6 4. Qc2 g6 5. Bf4 Bf5 6. Qb3 Qb6 7. Nbd2 Nbd7 8. h3 h6 9. g4 Be4 10. Nxe4 Nxe4 11. e3 g5 12. Bh2 e6 13. Bd3 f5 14. Ne5 Bd6 15. Qxb6 axb6 16. gxf5 exf5 17. f3 Bxe5 18. dxe5 Nec5 19. Bxf5 Ke7 20. 0-0 Rhf8 21. Bc2 Ke6 22. f4 Ne4 23. Bxe4 dxe4 24. Rad1 Nc5 25. Rd6+ Ke7 26. f5 Rxa2 27. b4 Nd3 28. f6+ Ke8 29. e6 Ra8 30. Rd7 Nf4 31. f7+ 1-0

[Event "UK Blitz op Final"]
[Site "Leamington Spa"]
[Date "2023.12.02"]
[Round "9"]
[White "Gasanov, Eldar"]
[Black "Camacho Collados, Jose"]
[Result "1-0"]
[WhiteElo "2487"]
[BlackElo "2381"]
[PlyCount "71"]
[EventDate "2023.12.02"]
[EventType "tourn (blitz)"]
[EventRounds "15"]
[EventCountry "ENG"]
[EventCategory "3"]
[SourceTitle "CB49_2023"]
[SourceDate "2023.12.06"]
[SourceVersion "1"]
[SourceVersionDate "2023.12.06"]
[SourceQuality "1"]

1. d4 Nf6 2. c4 e6 3. Bg5 h6 4. Bh4 c5 5. d5 Qb6 6. Bxf6 gxf6 7. Qd2 f5 8. Nc3 Bg7 9. e3 d6 10. Nf3 e5 11. g3 Nd7 12. Nh4 Nf6 13. Bh3 f4 14. Bxc8 Rxc8 15. Nf5 Kf8 16. exf4 exf4 17. 0-0 f3 18. Qf4 Qxb2 19. Qxf3 Ng4 20. Qxg4 Bxc3 21. Rab1 Qc2 22. Ne3 Qg6 23. Qxc8+ Kg7 24. Qf5 b6 25. Qf3 Bd4 26. Nf5+ Kh7 27. Nxd4 cxd4 28. Rbd1 h5 29. Rxd4 Re8 30. Rf4 Re7 31. Rf6 Qg7 32. Qxh5+ Kg8 33. Rf5 f6 34. Rf4 Re5 35. Qf3 Rg5 36. Rxf6 1-0

[Event "UK Blitz op Final"]
[Site "Leamington Spa"]
[Date "2023.12.02"]
[Round "3"]
[White "Norris, Ethan"]
[Black "Camacho Collados, Jose"]
[Result "0-1"]
[WhiteElo "2014"]
[BlackElo "2381"]
[PlyCount "268"]
[EventDate "2023.12.02"]
[EventType "tourn (blitz)"]
[EventRounds "15"]
[EventCountry "ENG"]
[EventCategory "3"]
[SourceTitle "CB49_2023"]
[SourceDate "2023.12.06"]
[SourceVersion "1"]
[SourceVersionDate "2023.12.06"]
[SourceQuality "1"]

1. Nf3 Nf6 2. b3 g6 3. Bb2 Bg7 4. e3 d5 5. d4 0-0 6. Nbd2 c5 7. Be2 cxd4 8. Nxd4 Nc6 9. Nxc6 bxc6 10. 0-0 a5 11. c4 a4 12. bxa4 Qa5 13. cxd5 cxd5 14. Bb5 Rd8 15. Nb3 Qb4 16. Qd4 Qd6 17. Qe5 Ba6 18. Qxd6 Rxd6 19. Be5 Rb6 20. Bxa6 Raxa6 21. a5 Rb5 22. Rac1 Ra8 23. Rfd1 e6 24. h3 Ne4 25. Bxg7 Kxg7 26. Rc6 Rb4 27. f3 Ng3 28. Kf2 Nf5 29. g4 Ne7 30. Rc7 Nc8 31. Rdc1 Nd6 32. R1c2 Nc4 33. Nd2 Nxd2 34. Rxd2 Rxa5 35. Rcc2 Ra3 36. Rb2 Rc4 37. Rbc2 Rca4 38. Rb2 h5 39. Rbc2 h4 40. Rb2 Kf6 41. Rbc2 Ke5 42. Rb2 Rc3 43. Rbc2 Rca3 44. Rb2 f5 45. gxf5 exf5 46. Rbc2 f4 47. exf4+ Rxf4 48. Re2+ Kd4 49. Rcd2+ Kc4 50. Rc2+ Kd4 51. Rcd2+ Kc5 52. Rc2+ Kd6 53. Re3 Rfa4 54. Rxa3 Rxa3 55. Rb2 Ke5 56. Rd2 g5 57. Ke2 Kf4 58. Rxd5 Rxa2+ 59. Kf1 Kxf3 60. Rd3+ Kf4 61. Kg1 Re2 62. Rc3 Re3 63. Rc4+ Kf3 64. Rg4 Re1+ 65. Kh2 Re2+ 66. Kg1 Re5 67. Kh2 Rf5 68. Kg1 Ke3 69. Kg2 Rf2+ 70. Kg1 Rf5 71. Kg2 Rc5 72. Kg1 Kd3 73. Kg2 Ke2 74. Re4+ Kd2 75. Re6 Rc3 76. Re5 Rg3+ 77. Kh2 Kd3 78. Re8 Kd4 79. Re2 Re3 80. Rg2 Re5 81. Rg4+ Kd5 82. Ra4 Ke6 83. Ra2 Kf5 84. Rf2+ Ke4 85. Re2+ Kf4 86. Rf2+ Ke3 87. Rg2 Kf4 88. Rf2+ Ke4 89. Re2+ Kf5 90. Rf2+ Kg6 91. Ra2 Re3 92. Ra6+ Kf5 93. Ra5+ Kf4 94. Ra4+ Re4 95. Ra2 Kf3 96. Ra3+ Re3 97. Ra5 Re2+ 98. Kh1 Re1+ 99. Kh2 Re2+ 100. Kh1 Kf4 101. Ra4+ Kf5 102. Ra5+ Kf4 103. Ra4+ Re4 104. Ra3 Re3 105. Ra4+ Re4 106. Ra3 Rb4 107. Kh2 Rb2+ 108. Kg1 Re2 109. Ra4+ Re4 110. Ra3 Re3 111. Ra4+ Kg3 112. Rg4+ Kxh3 113. Rxg5 Re1+ 114. Kf2 Ra1 115. Rg6 Ra2+ 116. Kf1 Kh2 117. Rg8 Ra4 118. Rg5 Rf4+ 119. Ke2 h3 120. Ke3 Rf1 121. Ke2 Rg1 122. Rh5 Rg4 123. Kf3 Rg8 124. Rf5 Kg1 125. Ra5 Rg2 126. Ra1+ Kh2 127. Rf1 Rg3+ 128. Kf4 Kg2 129. Re1 h2 130. Re2+ Kh3 131. Re1 Rg1 132. Re3+ Kh4 133. Re8 Rf1+ 134. Ke3 Re1+ 0-1

[Event "UK Blitz op Final"]
[Site "Leamington Spa"]
[Date "2023.12.02"]
[Round "11"]
[White "Willow, Jonah B"]
[Black "Camacho Collados, Jose"]
[Result "0-1"]
[WhiteElo "2427"]
[BlackElo "2381"]
[PlyCount "73"]
[EventDate "2023.12.02"]
[EventType "tourn (blitz)"]
[EventRounds "15"]
[EventCountry "ENG"]
[EventCategory "3"]
[SourceTitle "CB49_2023"]
[SourceDate "2023.12.06"]
[SourceVersion "1"]
[SourceVersionDate "2023.12.06"]
[SourceQuality "1"]

1. e4 e5 2. Nf3 Nf6 3. Nc3 Bb4 4. Nxe5 0-0 5. Be2 Re8 6. Nd3 Bxc3 7. dxc3 Nxe4 8. Nf4 d6 9. 0-0 Bf5 10. Be3 Nc6 11. Re1 h6 12. Bf1 Qd7 13. f3 Nf6 14. Qd2 Ne5 15. b3 Re7 16. c4 Rae8 17. Bf2 Qc6 18. a4 a6 19. Rad1 Ned7 20. Rxe7 Rxe7 21. Rc1 Nc5 22. Nd5 Nxd5 23. cxd5 Qd7 24. Qb4 b6 25. a5 Qd8 26. Qf4 Bg6 27. axb6 cxb6 28. b4 Na4 29. Bxa6 Qa8 30. Bc4 Rc7 31. Bb3 Nc3 32. Qd2 Qa6 33. Re1 Qb5 34. Qe2 Nxe2+ 35. Rxe2 Qxe2 36. h3 Bxc2 37. Bxc2 0-1

[Event "Titled Tuesday intern op 26th Sep Late"]
[Site "Chess.com INT"]
[Date "2023.09.26"]
[Round "9"]
[White "Dourerassou, Jonathan"]
[Black "Camacho Collados, Jose"]
[Result "1-0"]
[WhiteElo "2415"]
[BlackElo "2375"]
[PlyCount "67"]
[EventDate "2023.09.26"]
[EventType "swiss (blitz)"]
[EventRounds "11"]
[EventCountry "USA"]
[SourceTitle "EXT 2024"]
[Source "ChessBase"]
[SourceDate "2023.10.10"]
[SourceVersion "1"]
[SourceVersionDate "2023.10.10"]
[SourceQuality "1"]

1. d4 d5 2. Nf3 Nf6 3. Bf4 e6 4. Nbd2 Bd6 5. e3 Bxf4 6. exf4 Ne4 7. Bd3 f5 8. Ne5 Nc6 9. Qh5+ g6 10. Nxg6 Nf6 11. Qh3 Rg8 12. Ne5 Nxd4 13. 0-0-0 c5 14. Rhe1 Qa5 15. c3 Nb5 16. Bxf5 Qxa2 17. Bxe6 Nxc3 18. Bf7+ Kf8 19. Qxc3 Bf5 20. Qa3 Qxa3 21. bxa3 Rxg2 22. Ndf3 Rxf2 23. Bxd5 Rc2+ 24. Kb1 Nxd5 25. Ka1 Nc3 26. Rd2 b5 27. Rxc2 Bxc2 28. Rc1 b4 29. Rxc2 a5 30. Nd7+ Ke7 31. Nxc5 Rf8 32. Nd3 Rd8 33. Nfe5 Kf6 34. axb4 1-0

[Event "Titled Tuesday intern op 26th Sep Late"]
[Site "Chess.com INT"]
[Date "2023.09.26"]
[Round "5"]
[White "Pakleza, Zbigniew"]
[Black "Camacho Collados, Jose"]
[Result "0-1"]
[WhiteElo "2482"]
[BlackElo "2375"]
[PlyCount "76"]
[EventDate "2023.09.26"]
[EventType "swiss (blitz)"]
[EventRounds "11"]
[EventCountry "USA"]
[SourceTitle "EXT 2024"]
[Source "ChessBase"]
[SourceDate "2023.10.10"]
[SourceVersion "1"]
[SourceVersionDate "2023.10.10"]
[SourceQuality "1"]

1. d4 Nf6 2. Nf3 b6 3. Bf4 Bb7 4. e3 e6 5. h3 d6 6. Nbd2 c5 7. c3 cxd4 8. cxd4 Be7 9. Bd3 0-0 10. 0-0 Nc6 11. Bh2 Rc8 12. a3 a6 13. Qe2 b5 14. e4 Qb6 15. e5 dxe5 16. dxe5 Nd5 17. Ne4 h6 18. Rad1 Rfd8 19. Nd6 Bxd6 20. exd6 Nf6 21. Rfe1 Na5 22. Bb1 Nc4 23. Ne5 Nxd6 24. Rd3 Nf5 25. Ba2 Ne4 26. Rxd8+ Rxd8 27. Qf3 Rd2 28. Rf1 Nxf2 29. Qxf2 Rxf2 30. Rxf2 Qe3 31. Bf4 Qe1+ 32. Rf1 Qe4 33. Rf2 g5 34. Bh2 Qe1+ 35. Rf1 Qd2 36. Rf2 Qc1+ 37. Rf1 Qxb2 38. Rf2 Qa1+ 0-1

[Event "Titled Tuesday intern op 06th Jun Early"]
[Site "Chess.com INT"]
[Date "2023.06.06"]
[Round "2"]
[White "Camacho Collados, Jose"]
[Black "Gledura, Benjamin"]
[Result "0-1"]
[WhiteElo "2375"]
[BlackElo "2645"]
[PlyCount "78"]
[EventDate "2023.06.06"]
[EventType "swiss (blitz)"]
[EventRounds "11"]
[EventCountry "USA"]
[SourceTitle "EXT 2024"]
[Source "ChessBase"]
[SourceDate "2023.10.10"]
[SourceVersion "1"]
[SourceVersionDate "2023.10.10"]
[SourceQuality "1"]

1. Nf3 f5 2. d4 Nf6 3. g3 e6 4. Bg2 Be7 5. 0-0 0-0 6. c4 d6 7. Nc3 Qe8 8. Qc2 Qh5 9. e4 fxe4 10. Nxe4 Nc6 11. Nxf6+ Bxf6 12. d5 Nd4 13. Nxd4 Bxd4 14. Qe4 e5 15. a4 Bf5 16. Qe1 Bd3 17. Be3 Bxf1 18. Bxf1 Bxe3 19. Qxe3 Qf3 20. Re1 Qxe3 21. Rxe3 a5 22. c5 dxc5 23. Rxe5 Rae8 24. Rh5 Re1 25. Kg2 g6 26. Rh4 Rb1 27. Bc4 Kg7 28. Re4 Rxb2 29. Re7+ Kh8 30. Rxc7 Rfxf2+ 31. Kh3 Rxh2+ 32. Kg4 Rb4 33. d6 Rxc4+ 34. Kg5 Rd4 35. Rc8+ Kg7 36. Rc7+ Kf8 37. Rc8+ Kf7 38. Rc7+ Ke6 39. Rxh7 Rxh7 0-1

[Event "Titled Tuesday intern op 06th Jun Early"]
[Site "Chess.com INT"]
[Date "2023.06.06"]
[Round "3"]
[White "Schut, Han"]
[Black "Camacho Collados, Jose"]
[Result "0-1"]
[WhiteElo "2092"]
[BlackElo "2375"]
[PlyCount "56"]
[EventDate "2023.06.06"]
[EventType "swiss (blitz)"]
[EventRounds "11"]
[EventCountry "USA"]
[SourceTitle "EXT 2024"]
[Source "ChessBase"]
[SourceDate "2023.10.10"]
[SourceVersion "1"]
[SourceVersionDate "2023.10.10"]
[SourceQuality "1"]

1. e4 b6 2. d4 Bb7 3. Bd3 e6 4. Qe2 d5 5. e5 Qc8 6. b4 c5 7. bxc5 bxc5 8. c3 cxd4 9. f4 dxc3 10. Nf3 Bc5 11. Bb5+ Nd7 12. Bxd7+ Qxd7 13. Nxc3 Ne7 14. Bd2 0-0 15. Rc1 Rac8 16. Qd3 Ng6 17. h4 h5 18. Ng5 Be7 19. g4 d4 20. Nce4 Rxc1+ 21. Bxc1 Rc8 22. Kf2 Bxg5 23. hxg5 hxg4 24. Bd2 Qd5 25. Re1 Qc4 26. Qg3 Bxe4 27. Rxe4 Qc2 28. Ke2 Qxe4+ 0-1

[Event "Titled Tuesday intern op 06th Jun Early"]
[Site "Chess.com INT"]
[Date "2023.06.06"]
[Round "5"]
[White "Zaksaite, Salomeja"]
[Black "Camacho Collados, Jose"]
[Result "1-0"]
[WhiteElo "2304"]
[BlackElo "2375"]
[PlyCount "59"]
[EventDate "2023.06.06"]
[EventType "swiss (blitz)"]
[EventRounds "11"]
[EventCountry "USA"]
[SourceTitle "EXT 2024"]
[Source "ChessBase"]
[SourceDate "2023.10.10"]
[SourceVersion "1"]
[SourceVersionDate "2023.10.10"]
[SourceQuality "1"]

1. e4 b6 2. d4 Bb7 3. Nc3 e6 4. Nf3 Bb4 5. Bd3 Nf6 6. e5 Ne4 7. Bxe4 Bxe4 8. 0-0 Bg6 9. Bg5 Qc8 10. Re1 h6 11. Bh4 Qb7 12. a3 Bxc3 13. bxc3 0-0 14. c4 Nc6 15. d5 Na5 16. Qd4 Bxc2 17. Nd2 c5 18. Qg4 exd5 19. Be7 Rfe8 20. Bf6 Bg6 21. h4 h5 22. Qg5 Nxc4 23. Nf3 Qc6 24. g4 d4 25. Nh2 gxf6 26. exf6 Kh7 27. gxh5 Rg8 28. Ng4 Rh8 29. Qh6+ Kg8 30. Qg7# 1-0

[Event "BCF-chT 2223 (4NCL)"]
[Site "England"]
[Date "2023.04.29"]
[Round "9.1"]
[White "Shirov, Alexei"]
[Black "Camacho Collados, Jose"]
[Result "1-0"]
[WhiteElo "2654"]
[BlackElo "2400"]
[PlyCount "49"]
[EventDate "2022.10.22"]
[EventType "team-swiss"]
[EventRounds "11"]
[EventCountry "ENG"]
[SourceTitle "EXT 2024"]
[Source "ChessBase"]
[SourceDate "2023.10.10"]
[SourceVersion "1"]
[SourceVersionDate "2023.10.10"]
[SourceQuality "1"]
[WhiteTeam "Chess.com Manx Liberty"]
[BlackTeam "Chessable White Rose"]
[WhiteTeamCountry "ENG"]
[BlackTeamCountry "ENG"]

1. e4 c5 2. Nc3 e6 3. Nge2 Nc6 4. g3 d5 5. exd5 exd5 6. d4 Nf6 7. Bg2 h6 8. 0-0 Be6 9. Re1 g5 10. Na4 c4 11. b3 cxb3 12. axb3 b6 13. h4 gxh4 14. Nf4 hxg3 15. fxg3 Rc8 16. c4 Bb4 17. Nxe6 fxe6 18. Rxe6+ Kf7 19. cxd5 Nxd5 20. Rxc6 Rxc6 21. Qh5+ Kg7 22. Bxd5 Rg6 23. Qe5+ Qf6 24. Nc5 a5 25. Qc7+ 1-0

[Event "Titled Tuesday intern op 25th Apr Early"]
[Site "Chess.com INT"]
[Date "2023.04.25"]
[Round "3"]
[White "Camacho Collados, Jose"]
[Black "Kamsky, Gata"]
[Result "0-1"]
[WhiteElo "2400"]
[BlackElo "2665"]
[PlyCount "134"]
[EventDate "2023.04.25"]
[EventType "swiss (blitz)"]
[EventRounds "11"]
[EventCountry "USA"]
[SourceTitle "EXT 2024"]
[Source "ChessBase"]
[SourceDate "2023.10.10"]
[SourceVersion "1"]
[SourceVersionDate "2023.10.10"]
[SourceQuality "1"]

1. Nf3 Nf6 2. d4 g6 3. Bg5 Bg7 4. Nbd2 d6 5. e4 0-0 6. Bc4 c5 7. c3 cxd4 8. cxd4 Nc6 9. 0-0 h6 10. Bh4 Qb6 11. e5 dxe5 12. dxe5 Ng4 13. e6 f5 14. h3 Nge5 15. Nxe5 Nxe5 16. Bxe7 Re8 17. Bd8 Qc6 18. Rc1 Bxe6 19. Bxe6+ Qxe6 20. Bc7 Nd3 21. Rc2 Nxb2 22. Qf3 b6 23. Rb1 Na4 24. Nc4 Qe4 25. Qxe4 Rxe4 26. Nd6 Re6 27. Nb5 a6 28. Na3 b5 29. Rd1 Rc8 30. Bf4 Rxc2 31. Nxc2 g5 32. Rd8+ Kf7 33. Be3 Nc3 34. a3 f4 35. Bc5 Ne4 36. Rd7+ Kg6 37. Bd4 Bxd4 38. Nxd4 Rd6 39. Rxd6+ Nxd6 40. Kf1 Nc4 41. Nc2 Kf5 42. Ke2 Ke4 43. f3+ Kd5 44. Kd3 a5 45. Kc3 Ne3 46. Ne1 Nc4 47. Nc2 Kc5 48. Kd3 b4 49. axb4+ axb4 50. Na1 Ne3 51. Nb3+ Kd5 52. Nd4 Nxg2 53. Nf5 h5 54. Ng7 h4 55. Ne8 b3 56. Nf6+ Ke5 57. Ne4 Ne1+ 58. Kc3 Nxf3 59. Nf2 b2 60. Kxb2 Kd4 61. Kc2 Ke3 62. Ng4+ Ke2 63. Kc3 Ng1 64. Ne5 Nxh3 65. Kd4 f3 66. Ke4 f2 67. Nc4 f1Q 0-1

[Event "Titled Tuesday intern op 25th Apr Early"]
[Site "Chess.com INT"]
[Date "2023.04.25"]
[Round "7"]
[White "Camacho Collados, Jose"]
[Black "Smith, Garrett L"]
[Result "1-0"]
[WhiteElo "2400"]
[BlackElo "2047"]
[PlyCount "121"]
[EventDate "2023.04.25"]
[EventType "swiss (blitz)"]
[EventRounds "11"]
[EventCountry "USA"]
[SourceTitle "EXT 2024"]
[Source "ChessBase"]
[SourceDate "2023.10.10"]
[SourceVersion "1"]
[SourceVersionDate "2023.10.10"]
[SourceQuality "1"]

1. e4 c5 2. c3 d5 3. exd5 Qxd5 4. d4 Nc6 5. Nf3 Bf5 6. Be3 Nf6 7. Be2 e6 8. 0-0 Be7 9. dxc5 Qxd1 10. Rxd1 Ng4 11. b4 Nxe3 12. fxe3 Bf6 13. Nd4 Bg5 14. Kf2 0-0 15. Nd2 a5 16. b5 Ne5 17. Nxf5 exf5 18. Nf3 Ng4+ 19. Kg3 Bxe3 20. h3 Bf2+ 21. Kf4 Ne3 22. Rd7 Nxg2+ 23. Kxf5 Rae8 24. Ne5 g6+ 25. Ke4 f6 26. Bc4+ Kh8 27. Kf3 fxe5+ 28. Kxg2 Bxc5 29. Rf1 Rxf1 30. Kxf1 Rf8+ 31. Ke1 b6 32. Bd5 Re8 33. Ke2 e4 34. h4 e3 35. Bf3 Re5 36. a4 Kg8 37. Kd3 h5 38. Be2 Kf8 39. Rd8+ Ke7 40. Rg8 Kf7 41. Rd8 Rf5 42. Rd7+ Kf6 43. Rc7 Rf4 44. Rc6+ Kf7 45. Rxc5 bxc5 46. b6 Ke6 47. b7 Rf8 48. Kxe3 Rb8 49. Bf3 Kf5 50. Kd3 g5 51. hxg5 Kxg5 52. Kc4 Kf4 53. Bc6 h4 54. Kxc5 Ke3 55. Kb6 Kd3 56. Kxa5 Kxc3 57. Kb6 Kb4 58. a5 h3 59. a6 h2 60. a7 Rg8 61. a8Q 1-0

[Event "Titled Tuesday intern op 25th Apr Early"]
[Site "Chess.com INT"]
[Date "2023.04.25"]
[Round "4"]
[White "Fernandez Garcia, Gumersindo"]
[Black "Camacho Collados, Jose"]
[Result "0-1"]
[WhiteElo "2172"]
[BlackElo "2400"]
[PlyCount "58"]
[EventDate "2023.04.25"]
[EventType "swiss (blitz)"]
[EventRounds "11"]
[EventCountry "USA"]
[SourceTitle "EXT 2024"]
[Source "ChessBase"]
[SourceDate "2023.10.10"]
[SourceVersion "1"]
[SourceVersionDate "2023.10.10"]
[SourceQuality "1"]

1. d4 Nf6 2. c4 e6 3. Nc3 Bb4 4. Nf3 b6 5. e3 Bb7 6. Bd2 0-0 7. Bd3 c5 8. a3 Bxc3 9. Bxc3 Ne4 10. Qc2 f5 11. 0-0 Nxc3 12. Qxc3 Bxf3 13. gxf3 Qg5+ 14. Kh1 Qh5 15. Be2 Rf6 16. Rg1 Nc6 17. d5 Ne7 18. Qd2 exd5 19. cxd5 d6 20. f4 Qh4 21. Rg2 Rg6 22. Rag1 Rxg2 23. Rxg2 Ng6 24. Bd3 Rf8 25. Rg5 Ne5 26. Qe2 Nxd3 27. Qxd3 Qxf2 28. Rxf5 Rxf5 29. Qxf5 Qf1# 0-1

[Event "Titled Tuesday intern op 25th Apr Early"]
[Site "Chess.com INT"]
[Date "2023.04.25"]
[Round "1"]
[White "Moussard, Jules"]
[Black "Camacho Collados, Jose"]
[Result "1-0"]
[WhiteElo "2667"]
[BlackElo "2400"]
[PlyCount "109"]
[EventDate "2023.04.25"]
[EventType "swiss (blitz)"]
[EventRounds "11"]
[EventCountry "USA"]
[SourceTitle "EXT 2024"]
[Source "ChessBase"]
[SourceDate "2023.10.10"]
[SourceVersion "1"]
[SourceVersionDate "2023.10.10"]
[SourceQuality "1"]

1. Nf3 b6 2. c4 Bb7 3. Nc3 e6 4. g3 Nf6 5. Bg2 d5 6. cxd5 exd5 7. d4 a6 8. 0-0 Bd6 9. Ne5 Nbd7 10. Bf4 0-0 11. Rc1 Qe7 12. Nd3 Rfe8 13. e3 h6 14. Qb3 Bxf4 15. Nxf4 c6 16. Rfe1 Qd6 17. Na4 b5 18. Nc5 Nxc5 19. Rxc5 Bc8 20. Rec1 Bd7 21. Nd3 Ne4 22. R5c2 a5 23. Ne5 a4 24. Qd3 Ra6 25. Bxe4 dxe4 26. Qxe4 f6 27. Qg6 Re7 28. Nxd7 Qxd7 29. Rc5 Qe6 30. d5 Qf7 31. Qxf7+ Kxf7 32. dxc6 Rc7 33. Kf1 Ke6 34. Ke2 Kd6 35. Kd3 Raxc6 36. Rxc6+ Rxc6 37. Rxc6+ Kxc6 38. Kd4 Kd6 39. e4 g5 40. f4 g4 41. e5+ Ke6 42. a3 h5 43. exf6 Kxf6 44. Ke4 Ke6 45. f5+ Ke7 46. Ke5 Kf7 47. f6 Kf8 48. Ke6 Ke8 49. f7+ Kf8 50. Kf6 b4 51. axb4 h4 52. Kg6 hxg3 53. hxg3 Ke7 54. Kg7 Kd6 55. f8Q+ 1-0

[Event "Titled Tuesday intern op 18th Apr Early"]
[Site "Chess.com INT"]
[Date "2023.04.18"]
[Round "9"]
[White "Camacho Collados, Jose"]
[Black "Matinian, Nikita"]
[Result "0-1"]
[WhiteElo "2400"]
[BlackElo "2407"]
[PlyCount "68"]
[EventDate "2023.04.18"]
[EventType "swiss (blitz)"]
[EventRounds "11"]
[EventCountry "USA"]
[SourceTitle "EXT 2024"]
[Source "ChessBase"]
[SourceDate "2023.10.10"]
[SourceVersion "1"]
[SourceVersionDate "2023.10.10"]
[SourceQuality "1"]

1. d4 Nf6 2. c4 e6 3. Nc3 Bb4 4. e3 b6 5. Nge2 Ba6 6. a3 Bxc3+ 7. Nxc3 0-0 8. Bd3 d5 9. cxd5 Bxd3 10. Qxd3 exd5 11. 0-0 Re8 12. b4 c6 13. Bd2 Nbd7 14. b5 c5 15. dxc5 Nxc5 16. Qf5 Rc8 17. Rfd1 Nb3 18. Be1 Nxa1 19. Rxa1 d4 20. Rd1 dxc3 21. Rxd8 Rexd8 22. Qc2 Ne4 23. f3 Nd2 24. Kf2 g6 25. Ke2 Rd5 26. a4 h5 27. h3 h4 28. Bxh4 Nb3 29. Be1 Na1 30. Qa2 c2 31. Bd2 Rxd2+ 32. Kxd2 c1Q+ 33. Ke2 Rc2+ 34. Qxc2 Qxc2+ 0-1